|
|
|
|
| LEADER |
00892nam a2200205 a 4500 |
| 001 |
27119 |
| 008 |
130719s2012 bg b 000 0 eng |
| 020 |
|
|
|a 9789843357908
|
| 040 |
|
|
|a BD-DhAAL
|c BD-DhAAL
|
| 082 |
0 |
0 |
|a 954.9/205
|2 22
|
| 245 |
0 |
4 |
|a The state of governance in Bangladesh 2010-2011 :
|b policy, influence ownership
|
| 260 |
|
|
|a Dhaka :
|b Institute of Governance Studies, BRAC University,
|c 2012
|
| 300 |
|
|
|a xxviii, 180 p. ;
|c 29 cm.
|
| 504 |
|
|
|a Includes bibliographical references (p. 155-178).
|
| 541 |
1 |
|
|e 00027119
|
| 651 |
0 |
|
|a Bangladesh
|x Politics and government
|y 21st century.
|
| 710 |
2 |
|
|a BRAC University
|b Institute of Governance Studies.
|
| 852 |
1 |
|
|a Ayesha Abed Library
|j General Shelf.
|
| 999 |
|
|
|c 13681
|d 13681
|
| 952 |
|
|
|0 0
|1 4
|2 ddc
|4 0
|6 954_920500000000000_STA
|7 0
|9 22917
|a BRACUL
|b BRACUL
|c GEN
|d 2013-07-19
|l 0
|o 954.9205 STA
|p 3010027119
|r 2013-07-19
|t 1
|w 2013-07-19
|y BK
|x Koha Inventory 2020
|